Gentilé des départements d'Occitanie - Statistiques

Statistiques générales
  • Ce quiz a été pris 18 fois
  • Le résultat moyen est 10 sur 13
Statistiques - réponses
Hint Réponse % Correct
Ariège Ariégeois
100%
Aveyron Aveyronnais
100%
Gers Gersois
100%
Tarn Tarnais
100%
Aude Audois
89%
Gard Gardois
83%
Herault Heraultais
83%
Lot Lotois
83%
Haute-Garonne Haut-Garonnais
78%
Lozère Lozériens
67%
Tarn et Garonne Tarn-et-Garonnais
67%
Hautes-Pyrénées Haut-Pyrénéens
56%
Pyrénées-Orientales Catalan
22%
Aucun quiz correspondant
Distribution des résultats
% des personnes avec chaque résultat
Percentile par nombre de réponses
Votre historique - résultats
Vous n’avez pas pris ce quiz